Loading...
| History - Other | 0 | 8 | 1 | 0 | 75 | 26 | 51.25 | 1 | 8 | 32.78 | 52.60 |
| History - European | 0 | 5 | 0 | 0 | 50 | 15 | 28.20 | 5 | 5 | 28.12 | 37.82 |
| Mythology | 0 | 5 | 0 | 0 | 50 | 49 | 62.40 | 1 | 4 | 17.52 | 31.99 |
| History - World | 0 | 5 | 2 | 0 | 40 | 21 | 33.20 | 1 | 4 | 26.68 | 27.99 |
| Science - Other | 0 | 3 | 0 | 1 | 30 | 58 | 87.00 | 0 | 0 | 6.29 | 11.99 |
| Philosophy | 0 | 3 | 0 | 0 | 30 | 27 | 33.67 | 2 | 3 | 18.64 | 26.26 |
| Religion | 0 | 3 | 0 | 0 | 30 | 13 | 34.33 | 2 | 3 | 16.05 | 22.22 |
| Geography | 0 | 2 | 0 | 0 | 20 | 62 | 63.50 | 0 | 2 | 14.80 | 30.56 |
| Current Events | 0 | 2 | 1 | 1 | 15 | 43 | 77.50 | 1 | 1 | 8.49 | 15.48 |
| Literature - American | 0 | 1 | 0 | 0 | 10 | 26 | 26.00 | 0 | 1 | 6.00 | 5.77 |
| Literature - British | 0 | 1 | 0 | 0 | 10 | 26 | 26.00 | 1 | 1 | 6.04 | 7.69 |
| Fine Arts - Other | 0 | 1 | 0 | 0 | 10 | 49 | 49.00 | 0 | 1 | 4.39 | 5.13 |
| History - American | 0 | 1 | 1 | 0 | 5 | 72 | 72.00 | 0 | 1 | 3.12 | 5.77 |